Lịch Thái Sơn La Q.1 Lịch Thái Sơn La
Giới thiệu một số kiến thức chung về lịch. Vai trò của lịch trong đời sống người Thái Đen Sơn La. Một số khái niệm cơ bản liên quan đến lịch Thái. Giới thiệu cuốn Sổ Chong bang của người Thái Đen Sơn La
Shranjeno v:
| Glavni avtor: | |
|---|---|
| Drugi avtorji: | |
| Format: | Knjiga |
| Jezik: | Vietnamese |
| Izdano: |
H.
Khoa học xã hội
2015
|
| Teme: | |
| Oznake: |
Označite
Brez oznak, prvi označite!
|
| Thư viện lưu trữ: | Mạng thư viện Đại học Đà Nẵng |
|---|
| LEADER | 02024aam a22004218a 4500 | ||
|---|---|---|---|
| 001 | 000023705 | ||
| 003 | 20158 | ||
| 005 | 20160115110147.0 | ||
| 008 | 160115s2015 viesd | ||
| 020 | |d 2000b | ||
| 041 | 0 | |a vie | |
| 082 | 0 | 4 | |2 23 |a 529.30959718 |b TR-H |
| 100 | 1 | |a Trần Vân Hạc | |
| 245 | 1 | 0 | |a Lịch Thái Sơn La |c Trần Vân Hạc, Cà Văn Chung |n Q.1 |p Lịch Thái Sơn La |
| 260 | |a H. |b Khoa học xã hội |c 2015 | ||
| 300 | |a 375 tr. |b bảng, tranh vẽ |c 21 cm. | ||
| 500 | |a ĐTTS ghi: Hội Văn nghệ dân gian Việt Nam | ||
| 504 | |a Phụ lục: tr. 363-365. - Thư mục: tr. 367-368 | ||
| 520 | |a Giới thiệu một số kiến thức chung về lịch. Vai trò của lịch trong đời sống người Thái Đen Sơn La. Một số khái niệm cơ bản liên quan đến lịch Thái. Giới thiệu cuốn Sổ Chong bang của người Thái Đen Sơn La | ||
| 650 | 0 | 4 | |2 Bộ TK TVQG |a Lịch |x Dân tộc Thái |
| 650 | 7 | |2 Bộ TK TVQG | |
| 651 | 7 | |2 Bộ TK TVQG |a Sơn La | |
| 653 | |a Lịch Thái Sơn La | ||
| 700 | 1 | |a Cà Văn Chung | |
| 773 | |a Trần Vân Hạc |d Khoa học xã hội |d H. |n ĐTTS ghi: Hội Văn nghệ dân gian Việt Nam |t Lịch Thái Sơn La |w 668978 | ||
| 773 | |d Khoa học xã hội |d H. |d 2015 |t Lịch Thái Sơn La |w 20157 | ||
| OWN | |a LSP | ||
| AVA | |a UDN50 |b LNN |d 529.30959718 TR-H |e available |t Error 5001 Not defined in file expand_doc_bib_avail. |f 1 |g 0 |h N |i 0 | ||
| AVA | |a UDN50 |b LSP |d 529.30959718 TR-H |e available |t Error 5001 Not defined in file expand_doc_bib_avail. |f 1 |g 0 |h N |i 0 |k 1 | ||
| 999 | |a From the UDN01 | ||
| AVA | |a UDN50 |b LNN |d 529.30959718 TR-H |e available |t Error 5001 Not defined in file expand_doc_bib_avail. |f 1 |g 0 |h N |i 0 | ||
| AVA | |a UDN50 |b LSP |d 529.30959718 TR-H |e available |t Error 5001 Not defined in file expand_doc_bib_avail. |f 1 |g 0 |h N |i 0 |k 1 | ||
| TYP | |a Monograph | ||
| TYP | |a Printed language | ||
| 980 | |a Mạng thư viện Đại học Đà Nẵng | ||